000 00926nam a2200229 a 4500
999 _c6490
_d6490
001 6490
003 BD-JhCC
005 20180217193207.0
008 180124s1979 bg |||| ||a| 000 0 ben d
035 _a(BD-JhCC)6490
040 _aBD-JhCC
_dBD-JhCC
041 _aben
082 _a515.63
_bJAB 1979
100 _aজব্বার, মোহাম্মদ আবদুল
245 _aইনটিগ্যাল ক্যালকুলাস ও ডিফারেনসিয়াল সমীকরণ /
_cমোহাম্মদ আবদুল জব্বার এবং মোহাম্মদ আবদুল খালেক হাজরা
260 _aঢাকা :
_bবাংলা একােডেমি,
_c1979
300 _a678 p. :
_c21 cm.
650 _aCalculus
700 _aহাজরা, মোহাম্মদ আবদুল খালেক
942 _2ddc
_cBK